000 01114nam0a2200289 4500
001 RU\NLR\BIBL_A\022480383
005 20250806210607.0
035 _a(NLR Aleph) 022480383
090 _a86070
_c86070
100 _a20250306a1941 u y0rusy50 ca
101 0 _aarm
102 _aAM
105 _aa z 000 y
181 0 _ai
_baxxe
182 0 _an
200 1 _aՊատերազմն ու երեխաները
_eպատանիների համար
_fԱրկադի Գայդար
203 _aТекст
_bвизуальный
_cнепосредственный
210 _aԵրեվան
_bՀայպետհրատ
_d1945
215 _a6,[1] c.
_d16
541 1 _6z01790
_aВойна и дети
_zrus
700 0 _aԳայդար
_bԱ. Պ.
_f1904-1941
_gԱրկադի Պետրովիչ
_3RU\NLR\AUTH\770277948
_4070
790 0 _6z01541
_aГайдар
_bА. П.
_f1904-1941
_gАркадий Петрович
_3RU\NLR\AUTH\77239
_4070
942 _cBOOK
945 _aРоссийская национальная библиотека
_aНациональная библиотека Армении
980 _aNB
980 _aBV